<?xml version="1.0" encoding="UTF-8"?>
<record
    xmlns:xsi="http://www.w3.org/2001/XMLSchema-instance"
    xsi:schemaLocation="http://www.loc.gov/MARC21/slim http://www.loc.gov/standards/marcxml/schema/MARC21slim.xsd"
    xmlns="http://www.loc.gov/MARC21/slim">

  <leader>00678    a2200193   4500</leader>
  <controlfield tag="003">NUST</controlfield>
  <controlfield tag="005">20240321105620.0</controlfield>
  <controlfield tag="008">240321b           ||||| |||| 00| 0 eng d</controlfield>
  <datafield tag="082" ind1=" " ind2=" ">
    <subfield code="a">297.61</subfield>
    <subfield code="b">MAK</subfield>
  </datafield>
  <datafield tag="100" ind1=" " ind2=" ">
    <subfield code="a"> Ahmed Sar Handi, Sheikh</subfield>
    <subfield code="9">122177</subfield>
  </datafield>
  <datafield tag="245" ind1=" " ind2=" ">
    <subfield code="a">Intikhab Maktoobat Sheikh Ahmed Sar Handi.</subfield>
    <subfield code="c">tartib, muqaddamah by Fazlur Rahman.</subfield>
  </datafield>
  <datafield tag="250" ind1=" " ind2=" ">
    <subfield code="a">1st.</subfield>
  </datafield>
  <datafield tag="260" ind1=" " ind2=" ">
    <subfield code="a">Lahore.</subfield>
    <subfield code="b">Iqbal Academy Pakistan.</subfield>
    <subfield code="c">1968.</subfield>
  </datafield>
  <datafield tag="300" ind1=" " ind2=" ">
    <subfield code="a">271p.</subfield>
  </datafield>
  <datafield tag="700" ind1=" " ind2=" ">
    <subfield code="a">Fazlur Rahman.</subfield>
    <subfield code="9">122176</subfield>
  </datafield>
  <datafield tag="880" ind1=" " ind2=" ">
    <subfield code="6">245-02\r</subfield>
    <subfield code="a">&#x627;&#x646;&#x62A;&#x62E;&#x627;&#x628; &#x645;&#x6A9;&#x62A;&#x648;&#x628;&#x627;&#x62A; &#x634;&#x6CC;&#x62E; &#x627;&#x62D;&#x645;&#x62F; &#x633;&#x631;&#x6BE;&#x646;&#x62F;&#x6CC;</subfield>
    <subfield code="c">&#x62A;&#x631;&#x62A;&#x6CC;&#x628; &#x645;&#x642;&#x62F;&#x645;&#x6C1; &#x641;&#x636;&#x644; &#x627;&#x644;&#x631;&#x62D;&#x645;&#x646;</subfield>
  </datafield>
  <datafield tag="880" ind1=" " ind2=" ">
    <subfield code="6">100-01\r</subfield>
    <subfield code="a">&#x634;&#x6CC;&#x62E; &#x627;&#x62D;&#x645;&#x62F; &#x633;&#x631;&#x6BE;&#x646;&#x62F;&#x6CC;</subfield>
  </datafield>
  <datafield tag="942" ind1=" " ind2=" ">
    <subfield code="a">NBS</subfield>
    <subfield code="c">BK</subfield>
    <subfield code="2">ddc</subfield>
  </datafield>
  <datafield tag="999" ind1=" " ind2=" ">
    <subfield code="c">348904</subfield>
    <subfield code="d">348904</subfield>
  </datafield>
  <datafield tag="952" ind1=" " ind2=" ">
    <subfield code="0">0</subfield>
    <subfield code="1">0</subfield>
    <subfield code="2">ddc</subfield>
    <subfield code="4">0</subfield>
    <subfield code="7">0</subfield>
    <subfield code="a">CL</subfield>
    <subfield code="b">CL</subfield>
    <subfield code="d">2013-08-28</subfield>
    <subfield code="o">297.61 SAR</subfield>
    <subfield code="p">NBSD-1814</subfield>
    <subfield code="r">2018-08-27</subfield>
    <subfield code="w">2013-08-28</subfield>
    <subfield code="y">BK</subfield>
  </datafield>
</record>
